000 00844nam a2200229 i 4500
001 184208
003 ES-MaACL
005 20230906222114.0
008 150507s1970 sp abo |||| |bspa d
080 _a929 Alejandro Magno
100 1 _aBosi, Roberto.
_930691
245 1 0 _aAlejandro Magno /
_ctexto de Roberto Bosi ; traducción y adaptación de Rafael de Góngora y Coello de Portugal.
260 _aMadrid :
_bPrensa Española,
_c[1970]
300 _a75 p. :
_bil. col. y n., mapa ;
_c29 cm.
490 1 _aGrandes de todos los tiempos
598 _aPublicación mensual; marzo 1970.
600 0 7 _aAlejandro Magno-
_xBiografías.
_919704
700 1 _aGóngora y Coello de Portugal, Rafael de.
_9156840
830 0 _aGrandes de todos los tiempos
_9184021
852 _aES-MaACL
_jE-15609
_z. - enc. cart.
999 _c184208
_d184208